Statistics for Guess The Anime By The Bad Description

Click here to take the quiz!

General Stats

  • This quiz has been taken 23 times
  • The average score is 6 of 15

Answer Stats

Bad DescriptionAnswer% Correct
Guy Defeats Enemies With One PunchOne Punch Man
95%
Avenges His Family By Killing DemonsDemon Slayer
84%
Boy Wants To Be A Hero But Eats Hair InsteadMy Hero Academia
79%
Kid Traps Weird Creatures In BallsPokemon
79%
Angry Boy Wants FreedomAttack On Titan
74%
Girl Cant Communicate But Wants 100 FriendsKomi Cant Communicate
68%
Boy Wants To Follow In His Dads FootstepsHunter x Hunter
53%
Boy Wants To Make The World Better By KillingDeath Note
47%
4 Year Old Boy Lives AloneKotaro Lives Alone
16%
Husband Acts Like a Stereotypical WifeWay Of The Househusband
16%
Psychic Boy Has Dumb FriendsDisastrous Life Of Saiki K
11%
School For Rich PeopleOuran High School Host Club
11%
Immortal King Kills Giant FrogDaily Life Of A Immortal King
5%
Chunky Boy Has 2 LivesLookism
5%
Boy Suspects His Friends Are Killers In HinamizawaWhen They Cry
5%

Score Distribution

Percentile by Number Answered

Percent of People with Each Score

Your Score History

You have not taken this quiz